| 000 | 00858cam a2200277 a 4500 | ||
|---|---|---|---|
| 001 | 4522746 | ||
| 005 | 20260422173624.0 | ||
| 008 | 990614s2000 nyu 001 0 eng | ||
| 020 | _a0321023994 | ||
| 020 | _a9780321023995 | ||
| 050 | 0 | 0 |
_aPE1431 _b.C76 2000 |
| 082 | 0 | 0 |
_a808/.0427 _221 |
| 245 | 0 | 0 |
_aDialogues : _ban argument rhetoric and reader / _c[edited by] Gary Goshgarian, Kathleen Krueger, Janet Barnett Minc. |
| 250 | _a3rd ed. | ||
| 260 |
_aNew York : _bLongman, _cc2000. |
||
| 300 |
_axxx, 785 p. ; _c24 cm. |
||
| 500 | _aRev. ed. of: Crossfire. 2nd ed. c1997. | ||
| 500 | _aIncludes index. | ||
| 650 | 0 |
_aEnglish language _xRhetoric. |
|
| 650 | 0 | _aPersuasion (Rhetoric) | |
| 650 | 0 | _aCollege readers. | |
| 700 | 1 | _aGoshgarian, Gary. | |
| 700 | 1 | _aKrueger, Kathleen. | |
| 700 | 1 | _aMinc, Janet Barnett. | |
| 942 |
_2lcc _cBK _e3rd Ed. _n0 |
||
| 999 |
_c9548 _d9548 |
||